| 000 | 00647nam a2200193 a 4500 | ||
|---|---|---|---|
| 001 | 000015709 | ||
| 005 | 20200929164127.0 | ||
| 008 | 100217s199? dr 001 0 spa d | ||
| 040 |
_aDO-SdBNP _bspa _cBNPHU |
||
| 082 |
_axxxx _bM516d |
||
| 100 | 1 |
_aMejía Constanzo, Héctor B. _97373 |
|
| 245 | 1 | 0 |
_aDos factores de desarrollo / _cHéctor B. Mejía Constanzo. |
| 260 |
_a[Santo Domingo] : _b[s.n.], _c199? |
||
| 300 |
_a177 p. ; _c22 cm. |
||
| 500 | _aIncluye índice de abreviaturas especiales | ||
| 504 | _aIncluye referencias bibliográficas y notas al pie de las páginas | ||
| 504 | _aIncluye bibliografías (p. 169-177) | ||
| 049 | _aBNPD | ||
| 999 |
_c15261 _d15261 |
||